000
00333nam a22001457a 4500
008
230208b ||||| |||| 00| 0 eng d
020
_a
9781565335738
041
_a
eng
080
_2
EDITION 7.0
_a
610.73
082
_a
610.73HEN
100
_a
8
101
_a
INF
245
_a
CONTENT MASTERY SERIES
_c
HENRY E.J
942
_2
udc
_c
BK
999
_c
59344
_d
59344